La Costituzione Dell'Ordinamento Internazionale / (Record no. 70312)
[ view plain ]
| 000 -LEADER | |
|---|---|
| fixed length control field | 00911nam a2200289 4500 |
| 003 - CONTROL NUMBER IDENTIFIER | |
| control field | EG-GICUC |
| 005 - DATE AND TIME OF LATEST TRANSACTION | |
| control field | 20260412163756.0 |
| 008 - FIXED-LENGTH DATA ELEMENTS--GENERAL INFORMATION | |
| fixed length control field | 260412s1943 it |||f |||| 00| 0 ita d |
| 040 ## - CATALOGING SOURCE | |
| Original cataloging agency | EG-GICUC |
| Language of cataloging | ita |
| Transcribing agency | EG-GICUC |
| Modifying agency | EG-GICUC |
| Description conventions | rda |
| 082 04 - DEWEY DECIMAL CLASSIFICATION NUMBER | |
| Classification number | 341.78 |
| Item number | Z I . C |
| Edition number | 21 |
| 092 04 - LOCALLY ASSIGNED DEWEY CALL NUMBER (OCLC) | |
| Edition number | 21 |
| 099 ## - LOCAL FREE-TEXT CALL NUMBER (OCLC) | |
| Classification number | Law1 11 341.78 Z I . C 1943 |
| 100 1# - MAIN ENTRY--PERSONAL NAME | |
| Personal name | Ziccardi Piero |
| Relator term | Author. |
| 245 #3 - TITLE STATEMENT | |
| Title | La Costituzione Dell'Ordinamento Internazionale / |
| Statement of responsibility, etc. | di Piero Ziccardi. |
| 264 ## - PRODUCTION, PUBLICATION, DISTRIBUTION, MANUFACTURE, AND COPYRIGHT NOTICE | |
| Place of production, publication, distribution, manufacture | Milano: |
| Name of producer, publisher, distributor, manufacturer | Dott. A. Giuffré, |
| Date of production, publication, distribution, manufacture, or copyright notice | 1943. |
| 300 ## - PHYSICAL DESCRIPTION | |
| Extent | 450 Pages ; |
| Dimensions | 24 Cm. |
| 336 ## - CONTENT TYPE | |
| Source | rda content |
| Content type term | text |
| 337 ## - MEDIA TYPE | |
| Source | rda media |
| Media type term | Computer |
| 338 ## - CARRIER TYPE | |
| Source | rda carrier |
| Carrier type term | Online Resource |
| 490 ## - SERIES STATEMENT | |
| Series statement | Studi Di Diritto Internazionale |
| 546 ## - LANGUAGE NOTE | |
| Language note | Text in Italian |
| 650 14 - SUBJECT ADDED ENTRY--TOPICAL TERM | |
| Topical term or geographic name entry element | Droit international public |
| 651 1# - SUBJECT ADDED ENTRY--GEOGRAPHIC NAME | |
| Source of heading or term | qrmak |
| 856 40 - ELECTRONIC LOCATION AND ACCESS | |
| Uniform Resource Identifier | <a href="https://fll.law.cu.edu.eg/fulltext/bks/B11-07443.pdf">https://fll.law.cu.edu.eg/fulltext/bks/B11-07443.pdf</a> |
| 905 ## - Cataloger and Reviser Names | |
| Cataloger Name: | Hoda |
| 942 ## - ADDED ENTRY ELEMENTS (KOHA) | |
| Source of classification or shelving scheme | Dewey Decimal Classification |
| Koha item type | Books |
| Edition | 21 |
| Suppress in OPAC | No |
| Withdrawn status | Lost status | Source of classification or shelving scheme | Damaged status | Not for loan | Collection | Home library | Current library | Date acquired | Total checkouts | Full call number | Barcode | Date last seen | Copy number | Price effective from | Koha item type |
|---|---|---|---|---|---|---|---|---|---|---|---|---|---|---|---|
| Dewey Decimal Classification | Not for loan | القانون الدولي العام | جــــامعة القــاهرة | مكتبة كلية الحقوق - المبنى الرئيسي | 12.04.2026 | Law1 11 341.78 Z I . C 1943 1107443 C1 | B11-07443 | 12.04.2026 | 1 | 12.04.2026 | Books |